Mobbing, história a príčiny vzniku

Pojem "mobbing", charakteristika a história. Teror riadený kolegami na pracovisku. Osobnostné vlastnosti mobéra a obete, ktoré si vyberá. Pracovné prostredie a protiľudské konanie. Mobbing a slovenská legislatíva.

Enregistré dans:
Détails bibliographiques
Auteur principal: Ritomská, Mária
Format: Chapitre de livre
Langue:slovaque
Sujets:
Tags: Ajouter un tag
Pas de tags, Soyez le premier à ajouter un tag!

MARC

LEADER 00000naa a2200000 4500
001 0143606
005 20231006124242.9
041 0 |a slo 
044 |a SK 
245 1 0 |a Mobbing, história a príčiny vzniku  |c Mária Ritomská 
520 |a Pojem "mobbing", charakteristika a história. Teror riadený kolegami na pracovisku. Osobnostné vlastnosti mobéra a obete, ktoré si vyberá. Pracovné prostredie a protiľudské konanie. Mobbing a slovenská legislatíva. 
610 2 0 |a mobbing 
610 2 0 |a vzťahy medziľudské 
610 2 0 |a vzťahy pracovné 
610 2 0 |a proces pracovný 
610 2 0 |a prostredie pracovné 
610 2 0 |a kolektív pracovný 
610 2 0 |a tímy pracovné 
610 2 0 |a správanie sociálne 
610 2 0 |a diskriminácia 
610 2 0 |a postoje 
100 1 |a Ritomská, Mária